|
|
|
|
| LEADER |
02141nam a22003733i 4500 |
| 001 |
EBC6478541 |
| 003 |
MiAaPQ |
| 005 |
20240729202203.0 |
| 006 |
m o d | |
| 007 |
cr cnu|||||||| |
| 008 |
240729s2021 xx o ||||0 eng d |
| 020 |
|
|
|a 9789179297305
|q (electronic bk.)
|
| 035 |
|
|
|a (MiAaPQ)EBC6478541
|
| 035 |
|
|
|a (Au-PeEL)EBL6478541
|
| 035 |
|
|
|a (OCoLC)1237868012
|
| 040 |
|
|
|a MiAaPQ
|b eng
|e rda
|e pn
|c MiAaPQ
|d MiAaPQ
|
| 100 |
1 |
|
|a Davidsson, Joel.
|
| 245 |
1 |
0 |
|a Color Centers in Semiconductors for Quantum Applications :
|b A High-Throughput Search of Point Defects in SiC.
|
| 250 |
|
|
|a 1st ed.
|
| 264 |
|
1 |
|a Linköping :
|b Linkopings Universitet,
|c 2021.
|
| 264 |
|
4 |
|c {copy}2021.
|
| 300 |
|
|
|a 1 online resource (90 pages)
|
| 336 |
|
|
|a text
|b txt
|2 rdacontent
|
| 337 |
|
|
|a computer
|b c
|2 rdamedia
|
| 338 |
|
|
|a online resource
|b cr
|2 rdacarrier
|
| 490 |
1 |
|
|a Linköping Studies in Science and Technology. Dissertations Series ;
|v v.2112
|
| 505 |
0 |
|
|a Intro -- Abstract -- PopulŁarvetenskaplig sammanfattning -- Acknowledgements -- Contents -- Chapter 1: Introduction -- Chapter 2: Defects -- Chapter 3: Automatic Approach to Defects -- Chapter 4: Electronic Structure -- Chapter 5: Magneto-Optical Properties -- Chapter 6: High-Throughput Calculations -- Chapter 7: Conclusion -- Bibliography -- Chapter 8: List of Included Publications and my Contributions -- Chapter 9: Related, not included publications -- Chapter 10: Papers -- Papers.
|
| 588 |
|
|
|a Description based on publisher supplied metadata and other sources.
|
| 590 |
|
|
|a Electronic reproduction. Ann Arbor, Michigan : ProQuest Ebook Central, 2024. Available via World Wide Web. Access may be limited to ProQuest Ebook Central affiliated libraries.
|
| 655 |
|
4 |
|a Electronic books.
|
| 776 |
0 |
8 |
|i Print version:
|a Davidsson, Joel
|t Color Centers in Semiconductors for Quantum Applications
|d Linköping : Linkopings Universitet,c2021
|
| 797 |
2 |
|
|a ProQuest (Firm)
|
| 830 |
|
0 |
|a Linköping Studies in Science and Technology. Dissertations Series
|
| 856 |
4 |
0 |
|u https://ebookcentral.proquest.com/lib/matrademy/detail.action?docID=6478541
|z Click to View
|